Thiết kế hệ thống giám sát nhịp sinh học trong thời gian thực (Phần cứng) : Luận văn tốt nghiệp Cao học. Chuyên ngành Kỹ thuật điều khiển & Tự động hóa

Thiết kế thiết bị có khả năng đo, hiển thị và truyền tín hiệu nhịp tim của con người đến các thiết bị ngoại vi nhằm sử dụng cho các mục đích hữu dụng khác: theo dõi nhịp tim và chỉ số sinh tồn theo thời gian thực, loại bỏ nhiễu nhịp tim tro...

全面介绍

Đã lưu trong:
书目详细资料
主要作者: Phan, Hoài Loan
格式: 图书
语言:Undetermined
出版: Cần Thơ Trường Đại học Cần Thơ 2018
主题:
标签: 添加标签
没有标签, 成为第一个标记此记录!
Thư viện lưu trữ: Trung tâm Học liệu Trường Đại học Cần Thơ
LEADER 01308nam a2200217Ia 4500
001 CTU_228736
008 210402s9999 xx 000 0 und d
082 |a 610.285 
082 |b L406 
088 |a 8520216 
100 |a Phan, Hoài Loan 
245 0 |a Thiết kế hệ thống giám sát nhịp sinh học trong thời gian thực (Phần cứng) : 
245 0 |b Luận văn tốt nghiệp Cao học. Chuyên ngành Kỹ thuật điều khiển & Tự động hóa 
245 0 |c Phan Hoài Loan ; Nguyễn Hoàng Dũng (Cán bộ hướng dẫn) 
260 |a Cần Thơ 
260 |b Trường Đại học Cần Thơ 
260 |c 2018 
520 |a Thiết kế thiết bị có khả năng đo, hiển thị và truyền tín hiệu nhịp tim của con người đến các thiết bị ngoại vi nhằm sử dụng cho các mục đích hữu dụng khác: theo dõi nhịp tim và chỉ số sinh tồn theo thời gian thực, loại bỏ nhiễu nhịp tim trong tín hiệu não, chẩn đoán các bệnh liên quan về tim mạch,... 
650 |a Medical informatics,Tin học y tế 
910 |b nthai 
980 |a Trung tâm Học liệu Trường Đại học Cần Thơ